Classiques du cinéma des années 30 - Statistiques

Statistiques générales
  • Ce quiz a été pris 198 fois
    196 depuis la dernière actualisation
  • Le résultat moyen est 6 sur 15
Statistiques - réponses
Hint Réponse % Correct
Un gorille géant terrorise New York King Kong
93%
Un travailleur à la chaîne tombe en dépression Les temps modernes
87%
Une princesse poursuivie par sa belle mère se fait des amis dans la forêt Blanche Neige et les sept nains
75%
Une jeune fille et son chien s'envolent vers un monde mystérieux Le magicien d'Oz
73%
C'est vrai que Nelly a des beaux yeux Quai des brumes
41%
Un jeune sénateur idéaliste paralyse l'assemblée en parlant jusqu'à l'épuisement Monsieur Smith au Sénat
40%
Le riche nain Hans s'entiche de la cupide trapéziste Cléopâtre La monstrueuse parade (Freaks)
38%
La vie d'un professeur est bouleversée quand il fait la rencontre d'une danseuse de cabaret L'ange bleu
32%
Une femme farfelue fait tourner en bourrique un paléonthologue L'Impossible Monsieur Bébé
29%
Intrigues sentimentales d'aristocrates et de leurs domestiques durant une partie de chasse La règle du jeu
27%
Un grand naïf hérite d'une fortune et se retrouve la cible de journalistes et avocats L'Extravagant Mr. Deeds
19%
Une agent russe rit de bon coeur en découvrant les joies de la vie parisienne Ninotchka
17%
Une femme découvre ce que toutes ses amies savent déjà: son mari la trompe avec Joan Crawford Femmes
9%
Une excentrique femme de la haute société embauche un clochard comme majordome Mon homme Godfrey
8%
Mae West, en dompteuse de lions à la langue bien pendue, séduit un tout jeune Cary Grant Je ne suis pas un ange
3%
Aucun quiz correspondant
Distribution des résultats
% des personnes avec chaque résultat
Percentile par nombre de réponses
Votre historique - résultats
Vous n’avez pas pris ce quiz depuis la dernière actualisation